Manažment rizika - tvorba hodnoty z neistoty
Vplyv celosvetovej krízy na podnikateľské prostredie. Index rizika krajiny a Európsky platobný index. Oneskorenie platieb z obchodných transakcií. Úloha manažmentu rizika. Význam zavedenia efektívneho riadenia rizík v podniku.
Saved in:
| Main Author: | |
|---|---|
| Format: | Book Chapter |
| Language: | Slovak |
| Subjects: | |
| Tags: |
No Tags, Be the first to tag this record!
|
MARC
| LEADER | 00000nla a2200000 4500 | ||
|---|---|---|---|
| 001 | 0186643 | ||
| 005 | 20240502073204.6 | ||
| 041 | 0 | |a slo | |
| 044 | |a SK | ||
| 245 | 1 | 0 | |a Manažment rizika - tvorba hodnoty z neistoty |c Daniela Rybárová |
| 520 | |a Vplyv celosvetovej krízy na podnikateľské prostredie. Index rizika krajiny a Európsky platobný index. Oneskorenie platieb z obchodných transakcií. Úloha manažmentu rizika. Význam zavedenia efektívneho riadenia rizík v podniku. | ||
| 610 | 2 | 0 | |a prostredie podnikateľské |
| 610 | 2 | 0 | |a riadenie rizík |
| 610 | 2 | 0 | |a indexy |
| 610 | 2 | 0 | |a pohľadávky |
| 610 | 2 | 0 | |a kríza finančná |
| 610 | 2 | 0 | |a kríza hospodárska |
| 100 | 1 | |a Rybárová, Daniela, 1967- | |